Statistics for Spain Euro 2021 Squad

Click here to take the quiz!

General Stats

  • This quiz has been taken 35 times
  • The average score is 19 of 24

Answer Stats

PositionClubPlayer% Correct
GKManchester UnitedDavid De Gea
100%
MFFC BarcelonaSergio Busquets
100%
MFLiverpoolThiago Alcantara
100%
FWJuventusAlvaro Morata
96%
DFChelseaCesar Azpilicueta
96%
DFFC BarcelonaJordi Alba
96%
MFManchester CityFerran Torres
92%
DFVillarreal CFPau Torres
92%
MFAtletico MadridKoke
88%
FWFC BarcelonaPedri
88%
MFManchester CityRodri
88%
DFManchester CityAymeric Laporte
85%
MFRB LeipzigDani Olmo
81%
MFNapoliFabian Ruiz
81%
GKAthletic BilbaoUnai Simon
81%
DFLeeds UnitedDiego Llorente
73%
MFAtletico MadridMarcos Llorente
73%
FWVillarreal CFGerard Moreno
69%
FWReal SociedadMikel Oyarzabal
69%
MFWolvesAdama Traore
65%
DFManchester CityEric Garcia
65%
GKBrighton & Hove AlbionRobert Sanchez
54%
DFValencia CFJose Gaya
50%
MFPSGPablo Sarabia
50%

Score Distribution

Percentile by Number Answered

Percent of People with Each Score

Your Score History

You have not taken this quiz